<?xml version="1.0" encoding="UTF-8"?>
<collection xmlns="http://www.loc.gov/MARC21/slim">
 <record>
  <leader>01842cam a2200409   4500</leader>
  <controlfield tag="001">1077458975</controlfield>
  <controlfield tag="003">DE-627</controlfield>
  <controlfield tag="005">20240331184246.0</controlfield>
  <controlfield tag="007">tu</controlfield>
  <controlfield tag="008">850101s1958    xx |||||      00| ||ger c</controlfield>
  <datafield tag="035" ind1=" " ind2=" ">
   <subfield code="a">(DE-627)1077458975</subfield>
  </datafield>
  <datafield tag="035" ind1=" " ind2=" ">
   <subfield code="a">(DE-576)007458975</subfield>
  </datafield>
  <datafield tag="035" ind1=" " ind2=" ">
   <subfield code="a">(DE-599)BSZ007458975</subfield>
  </datafield>
  <datafield tag="035" ind1=" " ind2=" ">
   <subfield code="a">(OCoLC)01105053</subfield>
  </datafield>
  <datafield tag="035" ind1=" " ind2=" ">
   <subfield code="a">(DE-604)8041046137</subfield>
  </datafield>
  <datafield tag="040" ind1=" " ind2=" ">
   <subfield code="a">DE-627</subfield>
   <subfield code="b">ger</subfield>
   <subfield code="c">DE-627</subfield>
   <subfield code="e">rakwb</subfield>
  </datafield>
  <datafield tag="041" ind1=" " ind2=" ">
   <subfield code="a">ger</subfield>
  </datafield>
  <datafield tag="082" ind1="0" ind2=" ">
   <subfield code="a">720.924</subfield>
  </datafield>
  <datafield tag="084" ind1=" " ind2=" ">
   <subfield code="a">9,10</subfield>
   <subfield code="2">ssgn</subfield>
  </datafield>
  <datafield tag="084" ind1=" " ind2=" ">
   <subfield code="a">LI 67550</subfield>
   <subfield code="2">rvk</subfield>
   <subfield code="0">(DE-625)rvk/96840:</subfield>
  </datafield>
  <datafield tag="100" ind1="1" ind2=" ">
   <subfield code="a">Vogt-Göknil, Ulya</subfield>
   <subfield code="0">(DE-627)1233432737</subfield>
   <subfield code="0">(DE-576)163432732</subfield>
   <subfield code="4">aut</subfield>
  </datafield>
  <datafield tag="245" ind1="1" ind2="0">
   <subfield code="a">Giovanni Battista Piranesi 'Carceri'</subfield>
   <subfield code="c">Ulya Vogt-Göknil</subfield>
  </datafield>
  <datafield tag="264" ind1=" " ind2="1">
   <subfield code="a">Zürich</subfield>
   <subfield code="b">Origo Verl.</subfield>
   <subfield code="c">1958</subfield>
  </datafield>
  <datafield tag="300" ind1=" " ind2=" ">
   <subfield code="a">95, [56] S.</subfield>
   <subfield code="b">Ill.</subfield>
  </datafield>
  <datafield tag="336" ind1=" " ind2=" ">
   <subfield code="a">Text</subfield>
   <subfield code="b">txt</subfield>
   <subfield code="2">rdacontent</subfield>
  </datafield>
  <datafield tag="337" ind1=" " ind2=" ">
   <subfield code="a">ohne Hilfsmittel zu benutzen</subfield>
   <subfield code="b">n</subfield>
   <subfield code="2">rdamedia</subfield>
  </datafield>
  <datafield tag="338" ind1=" " ind2=" ">
   <subfield code="a">Band</subfield>
   <subfield code="b">nc</subfield>
   <subfield code="2">rdacarrier</subfield>
  </datafield>
  <datafield tag="583" ind1="1" ind2=" ">
   <subfield code="a">Archivierung/Langzeitarchivierung gewährleistet</subfield>
   <subfield code="f">SSG</subfield>
   <subfield code="x">XA-DE-BW</subfield>
   <subfield code="2">pdager</subfield>
   <subfield code="5">DE-16</subfield>
  </datafield>
  <datafield tag="689" ind1="0" ind2="0">
   <subfield code="d">u</subfield>
   <subfield code="0">(DE-588)4288739-2</subfield>
   <subfield code="0">(DE-627)104274239</subfield>
   <subfield code="0">(DE-576)210824670</subfield>
   <subfield code="a">Piranesi, Giovanni Battista</subfield>
   <subfield code="d">1720-1778</subfield>
   <subfield code="t">Invenzioni Capric di Carceri</subfield>
   <subfield code="2">gnd</subfield>
  </datafield>
  <datafield tag="689" ind1="0" ind2=" ">
   <subfield code="5">(DE-627)</subfield>
  </datafield>
  <datafield tag="700" ind1="1" ind2=" ">
   <subfield code="a">Piranesi, Giovanni Battista</subfield>
   <subfield code="d">1720-1778</subfield>
   <subfield code="e">Ill.</subfield>
   <subfield code="0">(DE-588)118594575</subfield>
   <subfield code="0">(DE-627)133391426</subfield>
   <subfield code="0">(DE-576)162563663</subfield>
   <subfield code="4">ill</subfield>
  </datafield>
  <datafield tag="787" ind1="0" ind2="8">
   <subfield code="i">Rezensiert in</subfield>
   <subfield code="a">Bauer, Hermann, 1929 - 2000</subfield>
   <subfield code="t">[Rezension von: Ulya Vogt-Göknil, Giovanni Battista Piranesi, &quot;Carceri&quot;]</subfield>
   <subfield code="d">Nürnberg : Carl, 1959</subfield>
   <subfield code="w">(DE-627)1689194936</subfield>
  </datafield>
  <datafield tag="936" ind1="r" ind2="v">
   <subfield code="a">LI 67550</subfield>
   <subfield code="b">Piranesi, Giovanni Battista</subfield>
   <subfield code="k">Kunstgeschichte</subfield>
   <subfield code="k">Künstler-Monografien</subfield>
   <subfield code="k">Alphabetische Künstlerliste</subfield>
   <subfield code="k">Künstler P</subfield>
   <subfield code="k">Piranesi, Giovanni Battista</subfield>
   <subfield code="0">(DE-627)1271137674</subfield>
   <subfield code="0">(DE-625)rvk/96840:</subfield>
   <subfield code="0">(DE-576)201137674</subfield>
  </datafield>
  <datafield tag="951" ind1=" " ind2=" ">
   <subfield code="a">BO</subfield>
  </datafield>
  <datafield tag="990" ind1=" " ind2=" ">
   <subfield code="a">Piranesi, Giovanni Battista / Invenzioni Capric di Carceri</subfield>
  </datafield>
  <datafield tag="991" ind1=" " ind2=" ">
   <subfield code="a">Rezensiertes Werk</subfield>
  </datafield>
  <datafield tag="999" ind1=" " ind2=" ">
   <subfield code="a">KXP-PPN1077458975</subfield>
   <subfield code="e">4077409322</subfield>
  </datafield>
 </record>
</collection>
